00521nam a2200157Ia 4500008004100000020001800041041000800059082002100067100002200088245003900110250000600149260004100155300001300196999001900209952013500228210716s2018 xx 000 0 und d a9788126559480 aeng a658.4038011 LING aLinoff, Gordon S. aData analysis using sql and excel. a1 aNew DelhibWiley India Pvt Ltdc2018 axlvi,744 c197014d197014 001040708MCAaAIMITbAIMITeKnowledge Worldg799.00l0o658.4038011 LINGpMCA16529r2025-07-21 00:00:00v599.25w2021-07-16yBK